Information systems in management

Αποθηκεύτηκε σε:
Λεπτομέρειες βιβλιογραφικής εγγραφής
Κύριος συγγραφέας: Senn, James A.
Μορφή: Βιβλίο
Γλώσσα:English
Δημοσίευση: Belmont, California : Wadsworth, 1978
Έκδοση:3rd ed.
Θέματα:
Ετικέτες: Προσθήκη ετικέτας
Δεν υπάρχουν, Καταχωρήστε ετικέτα πρώτοι!

MARC

LEADER 00000nam a2200000 i 4500
001 1/43694
008 950728s1978 eng d
020 |a 0534074820 
035 |l 10025830 
040 |a GR-MY-UA  |b gre  |e aacr 
041 0 |a eng 
082 0 |a 658.4038 
100 1 |a Senn, James A. 
245 1 0 |a Information systems in management /  |c James Senn 
250 |a 3rd ed. 
260 |a Belmont, California :   |b Wadsworth,   |c 1978 
300 |a Var. Pag 
650 0 0 |a Management information systems. 
852 |a INST  |b CHIOS  |e 19950728  |h 658.4038 SEN  |p 005200002402  |q 005200002402  |t BK  |y 0 
909 |a Χ  |b 011728